| 000 | 005050000a22001930004500 | ||
|---|---|---|---|
| 001 | 000036 | ||
| 003 | MACL | ||
| 005 | 20151003131744.0 | ||
| 008 | 151003b xxu||||| |||| 00| 0 eng d | ||
| 040 |
_aMACL _cMACL |
||
| 041 | _aEnglish | ||
| 082 | _a900.6/AGA | ||
| 100 |
_aAgrawal, Sushil _913425 |
||
| 245 |
_aAfrican In The 21 Century A futuristic Exercise _cSushil Agrawal |
||
| 260 |
_aJaipur _c1998 _bPrintwell Publiser Distributer, |
||
| 350 | _a475 | ||
| 650 |
_aHistory _913426 |
||
| 942 |
_k901 _cBK _2ddc |
||
| 999 |
_c38 _d38 |
||